000 004250000a22001690004500
003 LK-CoMWRAF
008 230817t ||||| |||| 00| 0 eng d
040 _aLK-CoMWRAF
_dLK-CoMWRAF
_eLK-CoMWRAF
041 _aeng
082 _a022
_bBAL
100 _aBalan, Y. Benedict
245 _aThalaivithiyai pari koduthor
_b
260 _aColombo
_bKurinchi veliyeedu
_c1996
300 _ap.159
650 _aliterature
942 _cBK
999 _c2846
_d2846